00926naa a22002537a 4500001001000000003000900010005001700019007000300036008003400039040005400073041000900127072002000136100001900156111007400175245007300249260003600322500010200358650002300460650002500483650002300508650002100531650002100552773009900573BR7405061BR-BrBNA20240918173601.0ta230509b bl.||||| |||| 00| 0 por d aBR-BrBNAbporcBiblioteca Nacional de Agricultura a(Pt) aK10b4530bG5141 aCarneiro, D.A.1 a2. Congresso Florestal BrasileirocCuritiba, PR (Brazil)d17 Sep 19731 aSemeadeira de tracao manual modelo Klabin [pratica cultural, Brasil]3 aCuritiba, PR (Brasil): c1974.  aAnais do 2. Congresso Florestal Brasileiro Curitiba, PR (Brasil): 1974. p. 287 (BR7405061-AM)K10  aPRODUCAO FLORESTAL aEQUIPAMENTO AGRICOLA aSEMEADURA MECANICA aPRATICA CULTURAL aMAQUINA AGRICOLA0 tAnais do 2. Congresso Florestal BrasileirowK10 BR7405061gCuritiba, PR (Brasil), 1974. p. 287